000 00593nam a2200205Ia 4500
005 20250923145348.0
008 008 250917s9999 xx 000 0 eng d
037 _aTextual
040 _aDSWL
_beng
_cDSWL
041 _aeng
_2eng
084 _aY:1:7.2, N73;7
_qDSWL
100 _aSingh, Yogendra
_9834488
245 0 _aModernization of Indian tradition
_c by Yogendra Singh
260 _aNew Delhi
_b Thompson Press Ltd.
_c1973
300 _axi,267 p.
365 _aINR
_b11 . 75
925 _g11 . 75
942 _cTEXL
_hY:1:7.2, N73;7
999 _c1450453
_d1450453